[Event "Verbandsliga Suedbaden 2122"]
[Site "Baden"]
[Date "2022.06.26"]
[Round "6.3"]
[White "Schmitt, Anatole"]
[Black "Kaenel, Hansjuerg"]
[Result "0-1"]
[WhiteElo "1957"]
[BlackElo "2286"]
[PlyCount "100"]
[EventDate "2021.10.10"]
[EventType "team-tourn"]
[EventRounds "9"]
[EventCountry "GER"]
[SourceTitle "EXT 2023"]
[Source "ChessBase"]
[SourceDate "2022.10.05"]
[SourceVersion "1"]
[SourceVersionDate "2022.10.05"]
[SourceQuality "1"]
[WhiteTeam "Heitersheim"]
[BlackTeam "Dreisamtal"]
[WhiteTeamCountry "GER"]
[BlackTeamCountry "GER"]

1. d4 Nf6 2. Nf3 e6 3. g3 b5 4. Bg2 Bb7 5. 0-0 c5 6. a4 b4 7. c4 d5 8. Nbd2 Nbd7 9. Re1 Be7 10. cxd5 Bxd5 11. e4 Bb7 12. e5 Nd5 13. Ne4 0-0 14. h4 cxd4 15. Qxd4 Qb6 16. Qd1 Nc5 17. Nfg5 g6 18. Nxc5 Bxc5 19. Ne4 Be7 20. Bh6 Rfd8 21. Qf3 Rd7 22. Qg4 Rc8 23. Rec1 Rxc1+ 24. Rxc1 Rc7 25. Rxc7 Qxc7 26. Bf4 Qc2 27. Nf6+ Nxf6 28. exf6 Qb1+ 29. Kh2 Bxg2 30. Kxg2 Bxf6 31. Bd6 h5 32. Qxb4 Qxb2 33. Qe4 Bd4 34. Qa8+ Kh7 35. Qf3 Kg7 36. Be7 Qa2 37. Qf4 Qd5+ 38. Kh2 Qe5 39. Qd2 Bc3 40. Qd8 Qf5 41. Qf8+ Kh7 42. Bc5 a5 43. Be3 Bb4 44. Qe8 e5 45. Kg2 Bc3 46. Qb5 Qe4+ 47. Kf1 Qh1+ 48. Ke2 e4 49. Bd2 Qf3+ 50. Ke1 Bxd2+ 0-1

[Event "Verbandsliga Suedbaden 2122"]
[Site "Baden"]
[Date "2022.03.13"]
[Round "7.2"]
[White "Kelecevic, Nedeljko"]
[Black "Kaenel, Hansjuerg"]
[Result "1/2-1/2"]
[WhiteElo "2167"]
[BlackElo "2286"]
[PlyCount "27"]
[EventDate "2021.10.10"]
[EventType "team-tourn"]
[EventRounds "9"]
[EventCountry "GER"]
[SourceTitle "EXT 2023"]
[Source "ChessBase"]
[SourceDate "2022.10.05"]
[SourceVersion "1"]
[SourceVersionDate "2022.10.05"]
[SourceQuality "1"]
[WhiteTeam "Konstanz"]
[BlackTeam "Dreisamtal"]
[WhiteTeamCountry "GER"]
[BlackTeamCountry "GER"]

1. d4 f5 2. g3 Nf6 3. Bg2 g6 4. Nd2 d5 5. Nh3 Nc6 6. Nf3 e6 7. Nf4 Ne4 8. c3 Bg7 9. Nd3 0-0 10. h4 h5 11. Bf4 Bd7 12. Nfe5 Nxe5 13. Nxe5 Be8 14. f3 1/2-1/2

[Event "SUI-chT"]
[Site "Switzerland"]
[Date "2021.12.11"]
[Round "8.3"]
[White "Georgescu, Lena"]
[Black "Kaenel, Hansjuerg"]
[Result "1-0"]
[WhiteElo "2259"]
[BlackElo "2283"]
[PlyCount "103"]
[EventDate "2021.08.29"]
[EventType "team-tourn"]
[EventRounds "9"]
[EventCountry "SUI"]
[SourceTitle "EXT 2023"]
[Source "ChessBase"]
[SourceDate "2022.10.05"]
[SourceVersion "1"]
[SourceVersionDate "2022.10.05"]
[SourceQuality "1"]
[WhiteTeam "Winterthur"]
[BlackTeam "Trubschachen"]
[WhiteTeamCountry "SUI"]
[BlackTeamCountry "SUI"]

1. e4 c5 2. Nf3 e6 3. d4 cxd4 4. Nxd4 a6 5. Bd3 Nf6 6. 0-0 d5 7. e5 Ng8 8. Nd2 Nc6 9. N2f3 Qc7 10. Qe2 Nge7 11. c3 Ng6 12. Re1 Be7 13. g3 Bd7 14. h4 Nf8 15. Bd2 h6 16. c4 dxc4 17. Bxc4 Nxd4 18. Nxd4 Rc8 19. Rac1 Qb6 20. Nb3 Qa7 21. Red1 Qb8 22. Bd3 Bc6 23. Na5 Bd5 24. Rxc8+ Qxc8 25. Be4 Qd7 26. Bc3 b5 27. a3 Bd8 28. Bxd5 exd5 29. Qf3 Ne6 30. Qxd5 Qxd5 31. Rxd5 Bxa5 32. Bxa5 0-0 33. Rd6 Ra8 34. Kg2 Kf8 35. h5 Ke8 36. f4 Nc5 37. Bb6 Nd7 38. Bd4 Ke7 39. Rc6 Nf8 40. f5 Kd7 41. Rd6+ Ke7 42. Kf3 Nd7 43. Rc6 a5 44. Ke4 b4 45. a4 Rd8 46. Ra6 Nb8 47. Bc5+ Ke8 48. Ra7 Rc8 49. Re7+ Kd8 50. Bd6 Rc4+ 51. Kd5 Rg4 52. Ra7 1-0

[Event "Verbandsliga Suedbaden 2122"]
[Site "Baden"]
[Date "2021.10.31"]
[Round "2.3"]
[White "Grandadam, Nicolas"]
[Black "Kaenel, Hansjuerg"]
[Result "1/2-1/2"]
[WhiteElo "2265"]
[BlackElo "2286"]
[PlyCount "36"]
[EventDate "2021.10.10"]
[EventType "team-tourn"]
[EventRounds "9"]
[EventCountry "GER"]
[SourceTitle "EXT 2023"]
[Source "ChessBase"]
[SourceDate "2022.10.05"]
[SourceVersion "1"]
[SourceVersionDate "2022.10.05"]
[SourceQuality "1"]
[WhiteTeam "Dreilaendereck"]
[BlackTeam "Dreisamtal"]
[WhiteTeamCountry "GER"]
[BlackTeamCountry "GER"]

1. b3 d5 2. Bb2 Nf6 3. e3 e6 4. Nf3 Bd6 5. c4 0-0 6. Be2 b6 7. 0-0 Bb7 8. cxd5 Nxd5 9. d4 Nd7 10. Nbd2 Rc8 11. Nc4 Be7 12. Nfe5 Nxe5 13. Nxe5 c5 14. Rc1 Rc7 15. a3 Nf6 16. dxc5 Rxc5 17. Rxc5 Bxc5 18. Qxd8 Rxd8 1/2-1/2

[Event "SUI-chT"]
[Site "Switzerland"]
[Date "2021.10.09"]
[Round "2.4"]
[White "Georgiadis, Ioannis"]
[Black "Kaenel, Hansjuerg"]
[Result "1-0"]
[WhiteElo "2499"]
[BlackElo "2285"]
[PlyCount "59"]
[EventDate "2021.08.29"]
[EventType "team-tourn"]
[EventRounds "9"]
[EventCountry "SUI"]
[SourceTitle "EXT 2023"]
[Source "ChessBase"]
[SourceDate "2022.10.05"]
[SourceVersion "1"]
[SourceVersionDate "2022.10.05"]
[SourceQuality "1"]
[WhiteTeam "Riehen"]
[BlackTeam "Trubschachen"]
[WhiteTeamCountry "SUI"]
[BlackTeamCountry "SUI"]

1. e4 c5 2. Nf3 e6 3. d4 cxd4 4. Nxd4 Nc6 5. Nc3 Qc7 6. f4 a6 7. Nxc6 bxc6 8. Bd3 d5 9. 0-0 Nf6 10. Qe2 Be7 11. Bd2 g6 12. Rae1 0-0 13. b3 Re8 14. Kh1 a5 15. f5 dxe4 16. Nxe4 Nxe4 17. fxg6 hxg6 18. Qxe4 f5 19. Qe3 Bf8 20. Bc4 Qf7 21. g4 Bg7 22. gxf5 gxf5 23. Rg1 c5 24. h3 Bb7+ 25. Kh2 Qc7+ 26. Qe5 Qxe5+ 27. Rxe5 Kf8 28. Rxc5 Rec8 29. Be3 Kf7 30. Rxf5+ 1-0

[Event "Verbandsliga Suedbaden 1920"]
[Site "Baden"]
[Date "2020.02.02"]
[Round "5.5"]
[White "Feisst, Simon Anton"]
[Black "Kaenel, Hansjuerg"]
[Result "0-1"]
[WhiteElo "2138"]
[BlackElo "2292"]
[PlyCount "118"]
[EventDate "2019.09.29"]
[EventType "team-tourn"]
[EventRounds "9"]
[EventCountry "GER"]
[SourceTitle "EXT 2021"]
[Source "ChessBase"]
[SourceDate "2020.10.23"]
[SourceVersion "1"]
[SourceVersionDate "2020.10.23"]
[SourceQuality "1"]
[WhiteTeam "Baden-Baden IV"]
[BlackTeam "Dreisamtal"]
[WhiteTeamCountry "GER"]
[BlackTeamCountry "GER"]

1. d4 Nf6 2. Bf4 e6 3. e3 c5 4. c3 b6 5. Nd2 Bb7 6. h3 Be7 7. Ngf3 0-0 8. Bd3 d5 9. Qc2 Nbd7 10. Ng5 Qc8 11. h4 a5 12. Ndf3 Ba6 13. Ne5 Bxd3 14. Qxd3 h6 15. Nxd7 Qxd7 16. Nf3 b5 17. Ne5 Qb7 18. g4 Nd7 19. g5 h5 20. g6 Nxe5 21. Bxe5 cxd4 22. exd4 fxg6 23. Qxg6 Bf6 24. Qxh5 b4 25. 0-0 Qe7 26. Bg3 bxc3 27. bxc3 Rac8 28. Rac1 Rc4 29. Rfe1 Rfc8 30. Qg4 R8c6 31. Kg2 Bxd4 32. cxd4 Rxc1 33. Rxc1 Rxc1 34. h5 Qf6 35. Be5 Qf7 36. h6 Rc2 37. Qh4 gxh6 38. Bg3 Kh7 39. a4 Rc4 40. Bf4 Qg7+ 41. Bg3 Rxd4 42. Qd8 Rxa4 43. Qb6 Qf7 44. Qb5 Ra3 45. Qb1+ Qf5 46. Qb7+ Kg6 47. Qe7 Ra1 48. Qe8+ Qf7 49. Qh8 Rb1 50. Qa8 Rb3 51. Kh2 Ra3 52. Qc8 Ra2 53. Kg1 a4 54. Qb8 Ra1+ 55. Kg2 a3 56. Be5 Re1 57. Bc3 Re2 58. Qg3+ Kh7 59. Kf1 Rc2 0-1

[Event "Oberliga Baden 1819"]
[Site "Baden"]
[Date "2019.02.24"]
[Round "7.2"]
[White "Gschnitzer, Oswald"]
[Black "Kaenel, Hansjuerg"]
[Result "1/2-1/2"]
[WhiteElo "2373"]
[BlackElo "2287"]
[PlyCount "34"]
[EventDate "2018.10.21"]
[EventType "team-tourn"]
[EventRounds "9"]
[EventCountry "GER"]
[SourceTitle "EXT 2020"]
[Source "ChessBase"]
[SourceDate "2019.10.17"]
[SourceVersion "1"]
[SourceVersionDate "2019.10.17"]
[SourceQuality "1"]
[WhiteTeam "Walldorf"]
[BlackTeam "Dreisamtal"]
[WhiteTeamCountry "GER"]
[BlackTeamCountry "GER"]

1. Nf3 d5 2. d4 c6 3. c4 e6 4. e3 f5 5. Bd3 Nf6 6. 0-0 Bd6 7. b3 0-0 8. Ba3 Bxa3 9. Nxa3 Ne4 10. Nb1 b6 11. Ne5 Bb7 12. f3 Nd6 13. Nc3 Nd7 14. f4 Ne4 15. Bxe4 dxe4 16. b4 Qe7 17. Qb3 Rfd8 1/2-1/2

[Event "Oberliga Baden 1819"]
[Site "Baden"]
[Date "2019.02.03"]
[Round "6.2"]
[White "Kaenel, Hansjuerg"]
[Black "Riehle, Marco"]
[Result "1-0"]
[WhiteElo "2287"]
[BlackElo "2265"]
[PlyCount "145"]
[EventDate "2018.10.21"]
[EventType "team-tourn"]
[EventRounds "9"]
[EventCountry "GER"]
[SourceTitle "EXT 2020"]
[Source "ChessBase"]
[SourceDate "2019.10.17"]
[SourceVersion "1"]
[SourceVersionDate "2019.10.17"]
[SourceQuality "1"]
[WhiteTeam "Dreisamtal"]
[BlackTeam "Sasbach"]
[WhiteTeamCountry "GER"]
[BlackTeamCountry "GER"]

1. Nf3 d5 2. e3 c5 3. b3 Nf6 4. Bb2 Nc6 5. Bb5 Bd7 6. 0-0 e6 7. c4 Bd6 8. cxd5 exd5 9. d4 cxd4 10. Nxd4 0-0 11. Nf3 Rc8 12. Nc3 Bg4 13. Be2 a6 14. Rc1 Bb8 15. Re1 Qd6 16. g3 Rfe8 17. Nd4 Ne5 18. a3 Bxe2 19. Ncxe2 Rxc1 20. Nxc1 Ba7 21. Nd3 Bxd4 22. Bxd4 Nxd3 23. Qxd3 Qxa3 24. Bxf6 gxf6 25. Qxd5 Qb4 26. Rc1 Qe4 27. Qd1 b5 28. Rc7 Kg7 29. Rd7 Re5 30. Rd4 Qc6 31. Rd6 Qc8 32. b4 Qc3 33. Qf3 Qa1+ 34. Kg2 Rg5 35. h4 Rg6 36. Rd4 a5 37. bxa5 Qxa5 38. Qd5 Kg8 39. Re4 f5 40. Qxf5 Qa8 41. Kh2 Qc6 42. Rf4 Rg7 43. Rb4 Rg6 44. Rxb5 Rf6 45. Rb8+ Kg7 46. Qg5+ Rg6 47. Qe5+ Qf6 48. Qxf6+ Rxf6 49. Kg2 Ra6 50. g4 h6 51. Rb5 Ra2 52. Rb6 Rc2 53. g5 hxg5 54. hxg5 Ra2 55. Kg3 Re2 56. Kf3 Re1 57. Kf4 Ra1 58. f3 Ra5 59. e4 Ra3 60. Kg4 Re3 61. Rb4 Ra3 62. f4 Ra6 63. f5 Rc6 64. Rb7 Kg8 65. f6 Rc4 66. Kf5 Rc5+ 67. e5 Rc1 68. g6 Rf1+ 69. Ke4 Re1+ 70. Kd5 Rd1+ 71. Kc5 fxg6 72. e6 Rc1+ 73. Kd6 1-0

[Event "Oberliga Baden 1819"]
[Site "Baden"]
[Date "2018.12.16"]
[Round "4.3"]
[White "Jaeggi, Dorian"]
[Black "Kaenel, Hansjuerg"]
[Result "1-0"]
[WhiteElo "2296"]
[BlackElo "2287"]
[PlyCount "81"]
[EventDate "2018.10.21"]
[EventType "team-tourn"]
[EventRounds "9"]
[EventCountry "GER"]
[SourceTitle "EXT 2020"]
[Source "ChessBase"]
[SourceDate "2019.10.17"]
[SourceVersion "1"]
[SourceVersionDate "2019.10.17"]
[SourceQuality "1"]
[WhiteTeam "Brombach"]
[BlackTeam "Dreisamtal"]
[WhiteTeamCountry "GER"]
[BlackTeamCountry "GER"]

1. e4 c5 2. Nf3 e6 3. d4 cxd4 4. Nxd4 Nc6 5. Nc3 Qc7 6. Be3 Nf6 7. f4 Bb4 8. Ndb5 Qa5 9. e5 Ne4 10. Qd3 Nxc3 11. bxc3 Be7 12. g3 0-0 13. Bg2 a6 14. Nd6 f6 15. Nc4 Qd8 16. Nb6 Rb8 17. exf6 Bxf6 18. 0-0 d5 19. Bf2 Qe7 20. Rfe1 Nd8 21. Bd4 Kh8 22. Rab1 Bxd4+ 23. cxd4 Bd7 24. Qa3 Nc6 25. Qc5 Rbe8 26. Rb3 Bc8 27. Rbe3 Qd8 28. Nxc8 Qxc8 29. c3 h6 30. Bh3 Rf6 31. Qxd5 exd5 32. Rxe8+ Qxe8 33. Rxe8+ Kh7 34. Be6 g5 35. f5 Kg7 36. Rg8+ Kh7 37. Rc8 Na5 38. Bxd5 Rb6 39. Rc7+ Kh8 40. Kf2 Rb5 41. Be6 1-0

[Event "Oberliga Baden 1718"]
[Site "Baden"]
[Date "2018.02.04"]
[Round "6.4"]
[White "Kaenel, Hansjuerg"]
[Black "Mensch, Etienne"]
[Result "1/2-1/2"]
[WhiteElo "2296"]
[BlackElo "2254"]
[PlyCount "40"]
[EventDate "2017.10.08"]
[EventType "team-tourn"]
[EventRounds "9"]
[EventCountry "GER"]
[SourceTitle "EXT 2019"]
[Source "ChessBase"]
[SourceDate "2018.10.10"]
[SourceVersion "1"]
[SourceVersionDate "2018.10.10"]
[SourceQuality "1"]
[WhiteTeam "Dreisamtal"]
[BlackTeam "Buchen"]
[WhiteTeamCountry "GER"]
[BlackTeamCountry "GER"]

1. Nf3 d6 2. d4 Nf6 3. c4 Nbd7 4. e3 e5 5. Be2 Be7 6. 0-0 0-0 7. b4 exd4 8. Nxd4 d5 9. a3 dxc4 10. Bxc4 Ne5 11. Be2 c5 12. bxc5 Bxc5 13. Nf3 Qe7 14. Bb2 Rd8 15. Qc2 Nxf3+ 16. Bxf3 Be6 17. Nc3 Rac8 18. Rfd1 Rxd1+ 19. Qxd1 a6 20. Ne4 Nxe4 1/2-1/2

[Event "Oberliga Baden 1718"]
[Site "Baden"]
[Date "2017.10.08"]
[Round "1.5"]
[White "Farmani Anosheh, Yasha"]
[Black "Kaenel, Hansjuerg"]
[Result "1/2-1/2"]
[WhiteElo "2194"]
[BlackElo "2293"]
[PlyCount "46"]
[EventDate "2017.10.08"]
[EventType "team-tourn"]
[EventRounds "9"]
[EventCountry "GER"]
[SourceTitle "EXT 2019"]
[Source "ChessBase"]
[SourceDate "2018.10.10"]
[SourceVersion "1"]
[SourceVersionDate "2018.10.10"]
[SourceQuality "1"]
[WhiteTeam "Ladenburg"]
[BlackTeam "Dreisamtal"]
[WhiteTeamCountry "GER"]
[BlackTeamCountry "GER"]

1. Nf3 d5 2. c4 e6 3. b3 Nf6 4. g3 Be7 5. Bg2 b6 6. 0-0 Bb7 7. cxd5 Nxd5 8. Bb2 0-0 9. d4 Nd7 10. Nbd2 Rc8 11. Re1 c5 12. e4 Nb4 13. Nc4 cxd4 14. Nxd4 Nc5 15. Bc3 Nc6 16. Nb5 Qxd1 17. Raxd1 Rcd8 18. e5 Nd3 19. Re3 Ndb4 20. Rxd8 Rxd8 21. Nxa7 Nxa7 22. Bxb4 Bxb4 23. Bxb7 Rd1+ 1/2-1/2

[Event "SUI-ch 117th"]
[Site "Graechen"]
[Date "2017.07.20"]
[Round "8"]
[White "Stoeri, Laura"]
[Black "Kaenel, Hansjuerg"]
[Result "1/2-1/2"]
[WhiteElo "2106"]
[BlackElo "2297"]
[PlyCount "131"]
[EventDate "2017.07.13"]
[EventType "swiss"]
[EventRounds "9"]
[EventCountry "SUI"]
[SourceTitle "EXT 2019"]
[Source "ChessBase"]
[SourceDate "2018.10.10"]
[SourceVersion "1"]
[SourceVersionDate "2018.10.10"]
[SourceQuality "1"]

1. e4 c5 2. Nf3 e6 3. d4 cxd4 4. Nxd4 Nc6 5. Nc3 Qc7 6. f4 a6 7. Nxc6 bxc6 8. Be3 d5 9. Be2 Nf6 10. 0-0 Be7 11. e5 Nd7 12. Bf3 0-0 13. Ne2 Rb8 14. b3 a5 15. Qd3 Nc5 16. Qc3 Na6 17. Ng3 Rd8 18. Rad1 Bb4 19. Qa1 Bc5 20. Bxc5 Nxc5 21. Be2 Qb6 22. Kh1 a4 23. b4 Nd7 24. a3 c5 25. Rb1 Qc7 26. Qc3 Rb6 27. Nh5 Nf8 28. bxc5 Rc6 29. Qg3 Ng6 30. Bd3 Rxc5 31. Rb4 Rc3 32. Qg5 Rxa3 33. h4 Rf8 34. Nxg7 Kxg7 35. h5 Qe7 36. hxg6 Qxg5 37. fxg5 hxg6 38. Rff4 Bd7 39. Rb7 Be8 40. Rf6 Kg8 41. Ra7 Ra1+ 42. Kh2 Re1 43. Kg3 Rxe5 44. Kg4 Re1 45. Ra5 Ra1 46. Rf3 Kg7 47. Rf6 Ra3 48. Kf4 Ra1 49. Ke5 Rb1 50. Ra7 Kg8 51. Re7 Rg1 52. Rf2 Kg7 53. Rf6 Re1+ 54. Kd6 Kg8 55. Ra7 Re3 56. Ke7 Re5 57. Ra8 Rxg5 58. Bb5 Rxg2 59. Bxa4 Kg7 60. Rxe8 Rxe8+ 61. Bxe8 Rxc2 62. Rxf7+ Kh6 63. Rf6 Rg2 64. Rxe6 d4 65. Rd6 Rg4 66. Bxg6 1/2-1/2

[Event "SUI-ch 117th"]
[Site "Graechen"]
[Date "2017.07.17"]
[Round "5"]
[White "Kaenel, Hansjuerg"]
[Black "Schwander, Lukas"]
[Result "1-0"]
[WhiteElo "2297"]
[BlackElo "2145"]
[PlyCount "71"]
[EventDate "2017.07.13"]
[EventType "swiss"]
[EventRounds "9"]
[EventCountry "SUI"]
[SourceTitle "EXT 2019"]
[Source "ChessBase"]
[SourceDate "2018.10.10"]
[SourceVersion "1"]
[SourceVersionDate "2018.10.10"]
[SourceQuality "1"]

1. Nf3 Nf6 2. e3 g6 3. b4 Bg7 4. Bb2 0-0 5. d4 d6 6. b5 c5 7. Be2 cxd4 8. Nxd4 a6 9. c4 e5 10. Nf3 axb5 11. cxb5 Be6 12. a4 Qc7 13. 0-0 Ne4 14. Nfd2 Nc5 15. Ra3 Nbd7 16. Bc3 d5 17. a5 Rfd8 18. Bb4 e4 19. Nc3 b6 20. a6 f5 21. Nb3 Nxb3 22. Qxb3 Nc5 23. Bxc5 Qxc5 24. Na4 Qd6 25. Rc1 Rdc8 26. Rc6 Rxc6 27. bxc6 Qxc6 28. Nxb6 Ra7 29. Ra2 Be5 30. Rc2 Qd6 31. g3 Kg7 32. Qb5 Qb8 33. Rc6 Bd7 34. Nxd7 Qxb5 35. Bxb5 Rxd7 36. Re6 1-0

[Event "Oberliga Baden 1617"]
[Site "Baden"]
[Date "2016.11.20"]
[Round "2.3"]
[White "Kaenel, Hansjuerg"]
[Black "Eisenbeiser, Amadeus"]
[Result "1/2-1/2"]
[WhiteElo "2300"]
[BlackElo "2396"]
[PlyCount "46"]
[EventDate "2016.10.16"]
[EventType "team-tourn"]
[EventRounds "9"]
[EventCountry "GER"]
[SourceTitle "EXT 2018"]
[Source "ChessBase"]
[SourceDate "2017.10.13"]
[SourceVersion "1"]
[SourceVersionDate "2017.10.13"]
[SourceQuality "1"]
[WhiteTeam "Dreisamtal"]
[BlackTeam "Buchen"]
[WhiteTeamCountry "GER"]
[BlackTeamCountry "GER"]

1. Nf3 g6 2. d4 Bg7 3. e3 d6 4. c4 e5 5. Be2 Ne7 6. 0-0 0-0 7. Nc3 exd4 8. Nxd4 Nbc6 9. Nxc6 Nxc6 10. Bd2 Ne5 11. Qc2 Bf5 12. e4 Be6 13. Nd5 Nc6 14. Bc3 Nd4 15. Qd2 Nxe2+ 16. Qxe2 Bxd5 17. cxd5 Bxc3 18. bxc3 Re8 19. Qd3 Qf6 20. Rae1 Re7 21. Re3 Rae8 22. Rfe1 a5 23. a4 b6 1/2-1/2

[Event "SUI-ch op"]
[Site "Leukerbad"]
[Date "2015.07.16"]
[Round "8"]
[White "Raetsky, Alexander"]
[Black "Kaenel, Hansjuerg"]
[Result "1/2-1/2"]
[WhiteElo "2405"]
[BlackElo "2303"]
[PlyCount "59"]
[EventDate "2015.07.09"]
[EventType "swiss"]
[EventRounds "9"]
[EventCountry "SUI"]
[SourceTitle "EXT 2019"]
[Source "ChessBase"]
[SourceDate "2018.10.10"]
[SourceVersion "1"]
[SourceVersionDate "2018.10.10"]
[SourceQuality "1"]

1. d4 Nf6 2. Nf3 e6 3. c4 b6 4. Nc3 Bb4 5. Qc2 Bb7 6. a3 Bxc3+ 7. Qxc3 0-0 8. g3 d6 9. Bg2 Nbd7 10. 0-0 c5 11. b4 Qc7 12. dxc5 bxc5 13. b5 Ne4 14. Qc2 f5 15. a4 Ndf6 16. a5 Rac8 17. Bb2 Rfd8 18. Ne1 Qe7 19. Nd3 Rc7 20. Rfb1 Rcd7 21. Bc1 Ne8 22. Be3 N4f6 23. f3 h6 24. h4 Nh7 25. a6 Ba8 26. b6 axb6 27. Rxb6 Nhf6 28. Qb2 Ra7 29. Rb8 Nd7 30. Rxd8 1/2-1/2

[Event "Oberliga Baden 1415"]
[Site "Baden"]
[Date "2014.11.09"]
[Round "3.3"]
[White "Kaenel, Hansjuerg"]
[Black "Schwierskott, Marc"]
[Result "1-0"]
[WhiteElo "2315"]
[BlackElo "2215"]
[PlyCount "149"]
[EventDate "2014.09.21"]
[EventType "team-tourn"]
[EventRounds "9"]
[EventCountry "GER"]
[SourceTitle "EXT 2016"]
[Source "ChessBase"]
[SourceDate "2015.10.08"]
[SourceVersion "1"]
[SourceVersionDate "2015.10.08"]
[SourceQuality "1"]
[WhiteTeam "Dreisamtal"]
[BlackTeam "Brombach"]
[WhiteTeamCountry "GER"]
[BlackTeamCountry "GER"]

1. Nf3 c5 2. e3 Nf6 3. b3 e6 4. Bb2 Be7 5. c4 0-0 6. Be2 b6 7. 0-0 Bb7 8. d4 cxd4 9. Nxd4 a6 10. Nd2 d6 11. Bf3 Qc7 12. Rc1 Nbd7 13. Qe2 Rac8 14. Bxb7 Qxb7 15. e4 Nc5 16. f3 Rfe8 17. Rfd1 Nh5 18. g3 Nf6 19. Nf1 h5 20. Ne3 g6 21. Ba1 Ncd7 22. Bb2 Ne5 23. Re1 Nc6 24. Nec2 Nxd4 25. Nxd4 Nd7 26. f4 Bf6 27. Nf3 Bxb2 28. Qxb2 b5 29. Nd2 Qb6+ 30. Kg2 b4 31. Qb1 Nc5 32. Rcd1 a5 33. Nf3 Rcd8 34. Rd4 Rd7 35. Red1 Red8 36. h3 Qb7 37. g4 hxg4 38. hxg4 a4 39. Rh1 axb3 40. axb3 Qa8 41. Rh2 f6 42. Qh1 Rg7 43. Rh8+ Kf7 44. Rxd8 Qxd8 45. Qd1 Qa8 46. Qe1 Kg8 47. Rxd6 Nxe4 48. Rxe6 Qa2+ 49. Kf1 f5 50. Rxe4 fxe4 51. Qxe4 Qa1+ 52. Kg2 Qb2+ 53. Kg3 Qc3 54. Qa8+ Kf7 55. Kf2 Qc2+ 56. Kg3 Qc3 57. Qd5+ Kf8 58. Qd8+ Kf7 59. g5 Qe3 60. c5 Rh7 61. Qf6+ Kg8 62. Qxg6+ Kh8 63. Qf6+ Rg7 64. c6 Qc3 65. Qh6+ Kg8 66. Qe6+ Kh8 67. Kg4 Qc5 68. Ne5 Qg1+ 69. Kf5 Qb1+ 70. Kf6 Rg6+ 71. Nxg6+ Qxg6+ 72. Ke5 Qc2 73. f5 Qh2+ 74. Kf6 Qb2+ 75. Qe5 1-0

[Event "SUI-chT"]
[Site "Switzerland"]
[Date "2014.06.15"]
[Round "4.3"]
[White "Atlas, Valeri"]
[Black "Kaenel, Hansjuerg"]
[Result "1-0"]
[WhiteElo "2461"]
[BlackElo "2312"]
[PlyCount "117"]
[EventDate "2014.03.16"]
[EventType "team-tourn"]
[EventRounds "9"]
[EventCountry "SUI"]
[SourceTitle "EXT 2015"]
[Source "ChessBase"]
[SourceDate "2014.11.20"]
[SourceVersion "1"]
[SourceVersionDate "2014.11.20"]
[SourceQuality "1"]
[WhiteTeam "Luzern"]
[BlackTeam "Trubschachen"]
[WhiteTeamCountry "SUI"]
[BlackTeamCountry "SUI"]

1. e4 c5 2. Nf3 e6 3. d4 cxd4 4. Nxd4 Nc6 5. Nc3 Qc7 6. g3 a6 7. Bg2 d6 8. 0-0 Bd7 9. a4 Nf6 10. Be3 Be7 11. Nxc6 Bxc6 12. a5 Nd7 13. Na4 0-0 14. Nb6 Rad8 15. c4 Bf6 16. Qc2 g6 17. Rac1 Qb8 18. Nd5 Bg7 19. Ne7+ Kh8 20. b4 Rfe8 21. Nxc6 bxc6 22. Rb1 Qc7 23. Qa2 Rb8 24. Rfc1 c5 25. b5 Ne5 26. bxa6 Nd3 27. Rxb8 Rxb8 28. Rb1 Nb4 29. Qa4 Nxa6 30. Rxb8+ Qxb8 31. Qb5 Qc8 32. e5 Nc7 33. Qb7 Qxb7 34. Bxb7 Bxe5 35. a6 Nxa6 36. Bxa6 Kg7 37. Bb7 h5 38. h4 Kf8 39. Kg2 Ke7 40. Bc6 Bc3 41. Kf3 Bg7 42. Ke2 Bc3 43. Kd3 Be1 44. Kc2 Kf8 45. Kb3 Ke7 46. Ka4 Bc3 47. Bg5+ f6 48. Be3 Be1 49. Kb5 Bc3 50. Bf3 Kd7 51. Kb6 Be1 52. Bc6+ Kd8 53. Ba4 Ke7 54. Kc6 e5 55. Kd5 Bc3 56. Bc2 f5 57. Bg5+ Kd7 58. Ba4+ Kc7 59. Be8 1-0

[Event "SUI-chT"]
[Site "Switzerland"]
[Date "2014.03.30"]
[Round "2.4"]
[White "Gallagher, Joseph G"]
[Black "Kaenel, Hansjuerg"]
[Result "1/2-1/2"]
[WhiteElo "2500"]
[BlackElo "2312"]
[PlyCount "116"]
[EventDate "2014.03.16"]
[EventType "team-tourn"]
[EventRounds "9"]
[EventCountry "SUI"]
[SourceTitle "EXT 2015"]
[Source "ChessBase"]
[SourceDate "2014.11.20"]
[SourceVersion "1"]
[SourceVersionDate "2014.11.20"]
[SourceQuality "1"]
[WhiteTeam "Reti"]
[BlackTeam "Trubschachen"]
[WhiteTeamCountry "SUI"]
[BlackTeamCountry "SUI"]

1. e4 c5 2. Nf3 e6 3. d4 cxd4 4. Nxd4 Nc6 5. Nc3 Qc7 6. Be2 a6 7. 0-0 Nf6 8. Be3 b5 9. Nxc6 dxc6 10. f4 Bb7 11. e5 Nd5 12. Nxd5 cxd5 13. Bd4 Bc5 14. c3 0-0 15. Qd2 Rac8 16. a4 Bxd4+ 17. Qxd4 Bc6 18. a5 Bd7 19. Rfd1 Qc5 20. Qxc5 Rxc5 21. Rd4 f6 22. Bd3 f5 23. Kf2 Kf7 24. Ke3 g6 25. Rg1 h5 26. g3 Rh8 27. h3 Be8 28. Be2 Ke7 29. Rb4 Bf7 30. Kd4 Rc7 31. Rb3 Rd8 32. Ra3 Rh8 33. Raa1 Rc6 34. Rh1 h4 35. g4 Rb8 36. b3 Be8 37. gxf5 exf5 38. Bf3 Bf7 39. Rhe1 Rd8 40. Rac1 Be6 41. Rg1 Bf7 42. Rce1 Ke6 43. Rg2 Rd7 44. Re3 Rd8 45. Rd3 Ke7 46. Rgd2 Rc7 47. Ke3 Rcd7 48. Rd4 Be6 49. R2d3 Bf7 50. Kd2 Be6 51. Kc1 Bf7 52. Kb2 Ke6 53. Ka3 Ke7 54. Kb4 Be6 55. Bg2 Bf7 56. Kc5 Rc8+ 57. Kb6 Rdc7 58. Kxa6 Rc5 1/2-1/2

[Event "SUI-chT"]
[Site "Switzerland"]
[Date "2014.03.16"]
[Round "1.3"]
[White "Schiendorfer, Florian"]
[Black "Kaenel, Hansjuerg"]
[Result "1/2-1/2"]
[WhiteElo "2190"]
[BlackElo "2312"]
[PlyCount "105"]
[EventDate "2014.03.16"]
[EventType "team-tourn"]
[EventRounds "9"]
[EventCountry "SUI"]
[SourceTitle "EXT 2015"]
[Source "ChessBase"]
[SourceDate "2014.11.20"]
[SourceVersion "1"]
[SourceVersionDate "2014.11.20"]
[SourceQuality "1"]
[WhiteTeam "Bern Schwarz Weiss"]
[BlackTeam "Trubschachen"]
[WhiteTeamCountry "SUI"]
[BlackTeamCountry "SUI"]

1. Nf3 d5 2. d4 Nf6 3. c4 e6 4. e3 b6 5. Nc3 Bb7 6. cxd5 Nxd5 7. Bb5+ c6 8. Bd3 Be7 9. 0-0 Nd7 10. e4 Nxc3 11. bxc3 0-0 12. a4 c5 13. Re1 Rc8 14. Bb1 cxd4 15. cxd4 Bb4 16. Bd2 Qe7 17. Qb3 Bxd2 18. Nxd2 e5 19. d5 Qc5 20. Nf3 Qc3 21. Ra3 Qxb3 22. Rxb3 Rc5 23. Bd3 f6 24. Bb5 Nb8 25. h4 Rfc8 26. h5 Kf7 27. Nh4 Rc1 28. Kf1 R8c3 29. Rxc1 Rxc1+ 30. Ke2 Bc8 31. Kd2 Rc5 32. Be2 g5 33. hxg6+ hxg6 34. g3 Bd7 35. Bb5 a6 36. Bd3 b5 37. f4 exf4 38. gxf4 f5 39. Ke3 fxe4 40. Bxe4 Bf5 41. Nxf5 gxf5 42. Bxf5 Rxd5 43. Bd3 Nd7 44. axb5 axb5 45. Bxb5 Kf6 46. Be2 Rd6 47. Bg4 Nb6 48. Kf3 Nc4 49. Kg3 Rb6 50. Rc3 Nd2 51. Rd3 Rb3 52. Rxb3 Nxb3 53. Bf3 1/2-1/2